| 000 | 03766nam0a2200409 4500 | ||
|---|---|---|---|
| 001 | RU\NLR\BIBL_A\022096325 | ||
| 005 | 20240315155403.0 | ||
| 010 |
_a978-5-00062-979-8 _950 |
||
| 021 |
_aRU _bКН-П-23-071139 _9КН-П-23-7214 |
||
| 035 | _a(NLR Aleph) 022096325 | ||
| 090 |
_a12732347 _c12732347 |
||
| 100 | _a20231213d2023 u y0rusy50 ca | ||
| 101 | 0 | _arus | |
| 102 | _aRU | ||
| 105 | _aa j 000zy | ||
| 181 | 0 |
_ai3 _baxxe |
|
| 182 | 0 | _an | |
| 200 | 1 |
_aИмитационное моделирование прикладных задач тепло- и воздухообмена в программе Comsol Multiphysics _eучебное пособие _eдля студентов высших учебных заведений, обучающихся по направлению "Теплоэнергетика и теплотехника" профилей "Промышленная теплоэнергетика", "Энергообеспечение предприятий", "Теплоэнергетические системы предприятий и ЖКХ", "Энергообеспечение предприятий и ЖКХ" и др. в системе обучения бакалавриата и магистратуры _fГ. И. Парфенов, Н. Н. Смирнов, А. А. Яблоков, В. К. Пыжов _gнаучный редактор: канд. техн. наук В. М. Захаров _gМинистерство образования и науки Российской Федерации, Федеральное государственное бюджетное образовательное учреждение высшего образования "Ивановский государственный энергетический университет имени В. И. Ленина" |
|
| 203 |
_aТекст _bвизуальный _cнепосредственный |
||
| 210 |
_aИваново _cИвановский государственный энергетический университет им. В. И. Ленина _d2023 |
||
| 215 |
_a131 с. _cил., табл. _d21 |
||
| 320 | _aБиблиогр.: с. 128-130 (21 назв.) | ||
| 606 | 1 |
_aТеплообмен _jУчебные издания для высших учебных заведений _xЗадачи _xРешение на компьютерах _92621585 _3RU\NLR\AUTH\661558145 |
|
| 606 | 1 |
_aCOMSOL MULTIPHYSICS, пакет прикладных программ _jУчебные издания для высших учебных заведений _92112014 _3RU\NLR\AUTH\661579770 |
|
| 606 | 1 |
_aТеплообмен _jУчебные издания для высших учебных заведений _xИмитационное моделирование _92582414 _3RU\NLR\AUTH\6601737053 |
|
| 606 | 1 |
_aВентиляция _jУчебные издания для высших учебных заведений _xПроектирование _xЗадачи _xРешение _92409483 _3RU\NLR\AUTH\6601654921 |
|
| 686 | 1 | _aЗ312с116я73-41 | |
| 686 | 1 | _aН762.2-02я73-41 | |
| 701 | 1 |
_aПарфенов _bГ. И. _gГригорий Иванович |
|
| 701 | 1 |
_7ca _8rus _aСмирнов _bН. Н. _cканд. техн. наук, теплоэнергетика _f1980- _gНиколай Николаевич _9175891 _3RU\NLR\AUTH\770175942 |
|
| 701 | 1 |
_aЯблоков _bА. А. _gАндрей Анатольевич |
|
| 701 | 1 |
_aПыжов _bВ. К. _gВалерий Константинович |
|
| 702 | 1 |
_4340 _7ca _8rus _aЗахаров _bВ. М. _cканд. техн. наук _gВадим Михайлович _945377 _3RU\NLR\AUTH\7762447 |
|
| 942 | _cBOOK | ||
| 980 | _aNB | ||